00473nam a22001697a 4500008004100000040001800041041000800059060001500067100002000082245003900102260005000141300001800191500003900209650001700248650001800265700002000283130821s1988 ck gr spa  aCo-BoUCMbspa00aspa aWM 100bQ6 aQuiroga, Felipe00aNeuropsiquiatríacFelipe Quiroga aMedellín (Antioquia, Colombia)bViecoc1988 a303 páginas aIncluye bibliografía e índices04aNeurología04aPsiquiatría aArdila, Alfredo